[Event "London Classic Open 2016"]
[Site "London ENG"]
[Date "2016.12.09"]
[Round "1.49"]
[White "Eggleston, David J"]
[Black "Jyothilal, N."]
[Result "1-0"]
[WhiteTitle "IM"]
[WhiteElo "2399"]
[BlackElo "1985"]
[WhiteFideId "412120"]
[BlackFideId "5002605"]
[EventDate "2016.12.09"]

1. e4 c5 2. Nf3 d6 3. d4 cxd4 4. Nxd4 Nf6 5. Nc3 g6 6. Be3 Bg7 7. f3 O-O 8. Qd2
Nc6 9. O-O-O d5 10. exd5 Nxd5 11. Nxc6 bxc6 12. Bd4 e5 13. Bc5 Be6 14. Ne4 Re8
15. h4 h6 16. g4 Qc7 17. g5 h5 18. Bc4 Red8 19. Qf2 Nf4 20. Bxe6 Nxe6 21. Bd6
Qb6 22. c3 Rd7 23. Qxb6 axb6 24. a3 Rad8 25. Kc2 Nf4 26. Bc7 Rxd1 27. Rxd1 Rxd1
28. Kxd1 Nd5 29. Bd6 Ne3+ 30. Ke2 Nf5 31. a4 f6 32. Bc7 fxg5 33. Nxg5 Bf6 34.
Bxb6 Nxh4 35. a5 1-0

[Event "London Classic Open 2016"]
[Site "London ENG"]
[Date "2016.12.09"]
[Round "1.50"]
[White "Pollack, Oscar"]
[Black "Houska, Jovanka"]
[Result "0-1"]
[BlackTitle "IM"]
[WhiteElo "1985"]
[BlackElo "2397"]
[WhiteFideId "429414"]
[BlackFideId "405094"]
[EventDate "2016.12.09"]

1. Nf3 d5 2. g3 Bg4 3. Bg2 c6 4. O-O Nd7 5. c4 e6 6. d3 Ngf6 7. Nc3 Bd6 8. Qc2
O-O 9. e4 dxc4 10. dxc4 e5 11. Rb1 Qe7 12. Be3 Rfd8 13. a3 Be6 14. Qe2 Nb6 15.
c5 Bxc5 16. Nxe5 Bb3 17. f4 Bxe3+ 18. Qxe3 Nc4 19. Nxc4 Bxc4 20. Rfd1 Ng4 21.
Rxd8+ Qxd8 22. Qc5 Bd3 23. Rd1 b6 24. Qb4 a5 25. Rxd3 Qxd3 26. Qxb6 Qd2 0-1

[Event "London Classic Open 2016"]
[Site "London ENG"]
[Date "2016.12.09"]
[Round "1.51"]
[White "Grafl, Florian"]
[Black "Disu, Kayode"]
[Result "1-0"]
[WhiteTitle "IM"]
[WhiteElo "2394"]
[BlackElo "1976"]
[WhiteFideId "4645715"]
[BlackFideId "432849"]
[EventDate "2016.12.09"]

1. b4 e6 2. Bb2 Nf6 3. b5 a6 4. a4 axb5 5. axb5 Rxa1 6. Bxa1 b6 7. e3 Bb7 8. Nf3
Bb4 9. Be2 d6 10. O-O Nbd7 11. c3 Ba5 12. Na3 d5 13. Nd4 Qe7 14. Bb2 O-O 15. Nb3
Ra8 16. Nc2 e5 17. Ba3 Qe6 18. Nxa5 bxa5 19. f4 Re8 20. fxe5 Qxe5 21. Nd4 Qg5
22. Rf5 Qg6 23. Qf1 Re5 24. Qf4 Rxf5 25. Nxf5 Kh8 26. Bf3 Ne8 27. c4 Qf6 28. d4
g6 29. Ne7 Qxf4 30. exf4 Nb6 31. c5 Nc4 32. Bc1 a4 33. c6 Bc8 34. Nxc8 a3 35.
Bxd5 a2 36. Bb2 Nxb2 37. Bxa2 Kg7 38. b6 cxb6 39. d5 1-0

[Event "London Classic Open 2016"]
[Site "London ENG"]
[Date "2016.12.09"]
[Round "1.52"]
[White "Edwards, Simon R"]
[Black "Soumya, Swaminathan"]
[Result "0-1"]
[BlackTitle "WGM"]
[WhiteElo "1976"]
[BlackElo "2384"]
[WhiteFideId "406821"]
[BlackFideId "5016193"]
[EventDate "2016.12.09"]

1. e4 c5 2. Nf3 Nc6 3. d4 cxd4 4. Nxd4 Nf6 5. Nc3 d6 6. Bg5 e6 7. Qd2 a6 8.
O-O-O Bd7 9. f4 b5 10. Bxf6 gxf6 11. Kb1 Qb6 12. Nxc6 Bxc6 13. f5 b4 14. Ne2 e5
15. Ng3 Qc5 16. Nh5 Be7 17. Bd3 O-O-O 18. Bxa6+ Kc7 19. Qe2 d5 20. Ng3 Kb6 21.
Nf1 Ra8 22. exd5 Rxa6 23. dxc6 Rha8 24. Nd2 Rxa2 25. Nb3 Qxc6 26. Rhe1 Bf8 27.
Qe4 Qa4 28. Qe3+ Kc7 29. c4 Rxb2+ 30. Kxb2 Qa2+ 31. Kc1 Bh6 32. Qxh6 Qxb3 33.
Rd7+ Kxd7 34. Qd2+ Ke8 35. Qb2 Qxc4+ 0-1

[Event "London Classic Open 2016"]
[Site "London ENG"]
[Date "2016.12.09"]
[Round "1.53"]
[White "Martins, David Pires Tavares"]
[Black "Pein, Jonathan"]
[Result "1-0"]
[WhiteTitle "FM"]
[WhiteElo "2382"]
[BlackElo "1971"]
[WhiteFideId "1909991"]
[BlackFideId "417092"]
[EventDate "2016.12.09"]

1. Nf3 Nf6 2. b3 d6 3. d4 c5 4. e3 g6 5. Be2 Bg7 6. O-O O-O 7. Bb2 cxd4 8. Nxd4
Nc6 9. c4 Nxd4 10. Qxd4 Qa5 11. Nc3 Ng4 12. Qd2 Qe5 13. Bxg4 Bxg4 14. Rab1 Qa5
15. h3 Be6 16. Rfd1 Rfe8 17. Rbc1 Rac8 18. a3 a6 19. e4 Qb6 20. Qc2 Qc6 21. Nd5
b5 22. Bxg7 Kxg7 23. Qb2+ Kg8 24. cxb5 Qxb5 25. Rxc8 Bxc8 26. Nc7 Qh5 27. Rd5 1-0

[Event "London Classic Open 2016"]
[Site "London ENG"]
[Date "2016.12.09"]
[Round "1.54"]
[White "Nettleton, Charlie B"]
[Black "Siva, Mahadevan"]
[Result "1-0"]
[BlackTitle "IM"]
[WhiteElo "1963"]
[BlackElo "2360"]
[WhiteFideId "419710"]
[BlackFideId "25043153"]
[EventDate "2016.12.09"]

1. d4 Nf6 2. Bg5 e6 3. e4 h6 4. Bxf6 Qxf6 5. c3 d5 6. e5 Qd8 7. f4 c5 8. Nf3 Nc6
9. a3 g5 10. h3 gxf4 11. Be2 h5 12. O-O Rg8 13. Qd2 Bh6 14. dxc5 Bd7 15. Bd3 Qc7
16. Qe2 O-O-O 17. b4 Rg3 18. b5 Ne7 19. c6 bxc6 20. bxc6 Bxc6 21. Kh2 Rdg8 22.
Rf2 d4 23. Nbd2 Nd5 24. cxd4 Ne3 25. Rg1 Bf8 26. Ne4 Ng4+ 27. hxg4 hxg4 28. Rc1
gxf3 29. Rxf3 Rxg2+ 30. Qxg2 Rxg2+ 31. Kxg2 Bxa3 32. Rc2 Qb7 33. Rxf4 Kd8 34.
Kg3 Bd5 35. Rg4 Bxe4 36. Bxe4 Qb3+ 37. Kf4 Bb4 38. Rg8+ Kd7 39. Bc6+ Ke7 40.
Re8# 1-0

[Event "London Classic Open 2016"]
[Site "London ENG"]
[Date "2016.12.09"]
[Round "1.55"]
[White "Warakomska, Anna"]
[Black "Vachtfeidl, Petr"]
[Result "1-0"]
[WhiteTitle "WIM"]
[WhiteElo "2348"]
[BlackElo "1963"]
[WhiteFideId "1130790"]
[BlackFideId "315028"]
[EventDate "2016.12.09"]

1. e4 c5 2. Nf3 e6 3. d4 cxd4 4. Nxd4 Nf6 5. Nc3 d6 6. f4 Nc6 7. Be3 Be7 8. Qf3
e5 9. Nxc6 bxc6 10. f5 O-O 11. O-O-O Qa5 12. Bc4 Bb7 13. Bb3 Rfd8 14. g4 d5 15.
exd5 cxd5 16. g5 e4 17. Qh3 Ne8 18. g6 Nf6 19. Bd4 h6 20. Rhg1 Rd6 21. gxf7+
Kxf7 22. Nxe4 Nxe4 23. Qh5+ 1-0

[Event "London Classic Open 2016"]
[Site "London ENG"]
[Date "2016.12.09"]
[Round "1.56"]
[White "French, Max"]
[Black "Bates, Richard A"]
[Result "0-1"]
[BlackTitle "IM"]
[WhiteElo "1962"]
[BlackElo "2347"]
[WhiteFideId "426652"]
[BlackFideId "403555"]
[EventDate "2016.12.09"]

1. d4 Nf6 2. c4 e6 3. Nc3 Bb4 4. Qb3 c5 5. dxc5 Nc6 6. Bg5 h6 7. Bxf6 Qxf6 8.
Nf3 Bxc5 9. Ne4 Bb4+ 10. Qxb4 Nxb4 11. Nxf6+ gxf6 12. Nd4 b6 13. a3 Nc6 14. Nb5
Ke7 15. Rd1 Bb7 16. Nd6 Rab8 17. e4 Rhg8 18. f3 Ba8 19. Kf2 Nd8 20. Be2 Bc6 21.
Rd2 Nb7 22. Nxb7 Rxb7 23. b4 Rc7 24. b5 Bb7 25. Rhd1 Rg5 26. Ke3 f5 27. Rd4 fxe4
28. fxe4 Re5 29. Kf4 d6 30. g4 f5 31. gxf5 exf5 32. Bf3 Bxe4 33. Rxd6 Re6 34.
R6d4 Bxf3 35. Kxf3 Re4 36. Rxe4+ fxe4+ 37. Kxe4 Rxc4+ 38. Rd4 Rc5 39. Rd5 Rc4+
40. Rd4 Rc2 41. h4 Ke6 42. Ra4 Rb2 43. Rxa7 Rxb5 44. Ra4 Rh5 45. Kf3 Rf5+ 46.
Ke3 Kd5 47. Rb4 Kc5 48. Rg4 b5 49. Rg6 Rh5 50. Rg4 Re5+ 51. Kd3 Rd5+ 52. Ke3 Rd6
53. Re4 Ra6 54. Kd2 Rxa3 55. Re6 h5 56. Re5+ Kc4 57. Rxh5 Rh3 58. Rh8 b4 59. h5
Rh2+ 60. Kc1 Kc3 61. Rc8+ Kb3 62. Rh8 Rh1+ 63. Kd2 Kb2 64. h6 b3 65. h7 Rh6 66.
Kd1 Rd6+ 67. Ke2 Rd7 68. Ke1 Ra7 69. Kd2 Ka2 70. Kc3 b2 71. Rb8 Rc7+ 72. Kd2
Rxh7 73. Ra8+ Kb1 74. Rc8 Ra7 75. Rb8 Ka2 76. Kc2 b1=Q+ 77. Rxb1 Rc7+ 0-1

[Event "London Classic Open 2016"]
[Site "London ENG"]
[Date "2016.12.09"]
[Round "1.57"]
[White "Zujev, Oleg"]
[Black "McKerracher, Douglas"]
[Result "1-0"]
[WhiteElo "2340"]
[BlackElo "1962"]
[WhiteFideId "12801585"]
[BlackFideId "2401002"]
[EventDate "2016.12.09"]

1. d4 f5 2. Nc3 Nf6 3. Bg5 d5 4. f3 c6 5. Qd2 Nbd7 6. e3 e6 7. Nge2 Be7 8. Nf4
Nb6 9. O-O-O Nc4 10. Bxc4 dxc4 11. e4 O-O 12. exf5 exf5 13. d5 Bb4 14. Nh5 cxd5
15. Bxf6 gxf6 16. Qh6 Rf7 17. Nxd5 Qf8 18. Ndxf6+ Kh8 19. Qxf8+ Rxf8 20. c3 Be7
21. Nd5 Bg5+ 22. f4 Bd8 23. Rhe1 b5 24. Re5 a5 25. Ng3 Rb8 26. a3 Rb7 27. Nf1
Rb8 28. Nfe3 Rb7 29. g3 Rbf7 30. Rd4 Rb7 31. a4 bxa4 32. Nxc4 Rb8 33. Kc2 Rb7
34. Nd6 Rb8 35. Nxc8 Rxc8 36. Rxa4 1-0

[Event "London Classic Open 2016"]
[Site "London ENG"]
[Date "2016.12.09"]
[Round "1.59"]
[White "Moen, Andreas"]
[Black "Thode, Gilda"]
[Result "1-0"]
[WhiteTitle "IM"]
[WhiteElo "2327"]
[BlackElo "1943"]
[WhiteFideId "1501453"]
[BlackFideId "1323628"]
[EventDate "2016.12.09"]

1. e4 e6 2. d4 d5 3. Nc3 Nc6 4. Nf3 Nf6 5. Bg5 Be7 6. Bd3 Nb4 7. e5 Nxd3+ 8.
Qxd3 Nd7 9. Bxe7 Qxe7 10. O-O O-O 11. Rfe1 f6 12. exf6 Nxf6 13. Re2 Bd7 14. Rae1
Rae8 15. a3 a6 16. Ne5 Bc8 17. Re3 Nh5 18. Rh3 Rf5 19. Ne2 Qg5 20. Qe3 Nf4 21.
Nxf4 Qxf4 22. Qxf4 Rxf4 23. c3 Ref8 24. Nd3 R4f6 25. Rhe3 b6 26. h4 a5 27. g3 c5
28. Nf4 Rxf4 29. gxf4 Rxf4 30. dxc5 bxc5 31. h5 Kf7 32. Kg2 Rf6 33. Rf3 Bb7 34.
Kg3 d4 35. Rf4 g5 36. hxg6+ hxg6 37. cxd4 cxd4 38. Rxd4 Bd5 39. Rf4 Rf5 40.
Rxf5+ gxf5 41. b4 axb4 42. axb4 Ke7 43. Kf4 Kd6 44. Kg5 Ke7 45. f4 Bc6 46. Rc1
Be4 47. b5 Kd6 48. Kf6 Bb7 49. b6 Kd5 50. Rc7 1-0

[Event "London Classic Open 2016"]
[Site "London ENG"]
[Date "2016.12.09"]
[Round "1.60"]
[White "Cannon, Raymond C"]
[Black "Cox, John J"]
[Result "1/2-1/2"]
[BlackTitle "IM"]
[WhiteElo "1942"]
[BlackElo "2320"]
[WhiteFideId "408018"]
[BlackFideId "401064"]
[EventDate "2016.12.09"]

1. e4 e5 2. Nf3 Nc6 3. Bb5 a6 4. Ba4 Nf6 5. O-O Be7 6. Re1 b5 7. Bb3 d6 8. c3
O-O 9. d4 Bg4 10. Be3 exd4 11. cxd4 d5 12. e5 Ne4 13. h3 Bh5 14. Nc3 Nxc3 15.
bxc3 Qd7 16. a4 Na5 17. Bc2 Nc4 18. axb5 axb5 19. Qd3 Bg6 20. Qe2 Qc6 21. Bg5
Rxa1 22. Rxa1 Ba3 23. Rb1 Bxc2 24. Qxc2 h6 25. Bc1 Ra8 26. Qb3 Bxc1 27. Rxc1 Qa6
28. Re1 c6 29. e6 fxe6 30. Rxe6 Qa1+ 31. Kh2 Qc1 32. Re1 Qf4+ 33. Kg1 Nd2 34.
Nxd2 Qxd2 35. Rd1 Qe2 36. Qb1 Ra2 37. Rf1 Qc2 38. Qb4 Kh7 39. Qc5 Ra4 40. Qxc6
b4 41. c4 dxc4 42. d5 c3 43. d6 Ra7 44. d7 Qd3 45. d8=Q Qxd8 46. Qe4+ g6 47.
Qxb4 Qd2 48. Kh2 Rd7 49. Ra1 Qb2 50. Qg4 Re7 51. Ra6 Qb8+ 52. g3 Qe8 53. Qc4 Qf7
54. Qd4 Rd7 55. Rf6 Rxd4 1/2-1/2

[Event "London Classic Open 2016"]
[Site "London ENG"]
[Date "2016.12.09"]
[Round "1.61"]
[White "Paterek, Michal"]
[Black "O'Molloy, Eamonn"]
[Result "1-0"]
[WhiteTitle "FM"]
[WhiteElo "2311"]
[BlackElo "1942"]
[WhiteFideId "1116142"]
[BlackFideId "2505843"]
[EventDate "2016.12.09"]

1. d4 Nf6 2. c4 e6 3. Nc3 d5 4. cxd5 exd5 5. Bg5 c6 6. e3 Be7 7. Bd3 Nbd7 8. Qc2
Nh5 9. Bxe7 Qxe7 10. Nge2 g6 11. h3 Ng7 12. g4 Nb6 13. O-O-O Bd7 14. e4 Ne6 15.
f4 Nc7 16. e5 f6 17. Kb1 O-O-O 18. Ng3 Rde8 19. Rhe1 Qg7 20. Qe2 Kb8 21. Bc2
Rhf8 22. f5 fxe5 23. dxe5 gxf5 24. Nxf5 Qh8 25. Nd6 Re7 26. Qh2 Ne6 27. Nf5 Ref7
28. Qg3 Nc4 29. Bd3 Nb6 30. Rf1 Nc8 31. Rde1 Ne7 32. Ne2 Ka8 33. Ned4 Nxd4 34.
Nxd4 Rxf1 35. Bxf1 Qg7 36. Bd3 Ng6 37. Bf5 Re8 38. Bxd7 Qxd7 39. e6 Qg7 40. Nf5
Qf6 41. Qc7 Qd8 42. Qxd8+ Rxd8 43. e7 Re8 44. h4 1-0

[Event "London Classic Open 2016"]
[Site "London ENG"]
[Date "2016.12.09"]
[Round "1.62"]
[White "Skutta, Bernd"]
[Black "Franklin, Samuel G A"]
[Result "0-1"]
[BlackTitle "FM"]
[WhiteElo "1942"]
[BlackElo "2310"]
[WhiteFideId "4666950"]
[BlackFideId "468576"]
[EventDate "2016.12.09"]

1. d4 Nf6 2. Bf4 g6 3. Nf3 Bg7 4. Nbd2 O-O 5. e4 d6 6. Be2 c5 7. c3 cxd4 8. cxd4
Nc6 9. d5 Nb8 10. Qc2 Bg4 11. Rc1 Na6 12. O-O Rc8 13. Qb1 Nc5 14. b4 Na4 15. Qb3
Qd7 16. Be3 b5 17. Bd3 Bxf3 18. Nxf3 a6 19. h3 Rxc1 20. Rxc1 Rc8 21. Rxc8+ Qxc8
22. Nd4 Qc3 23. Nc6 Kf8 24. Nb8 Qa1+ 25. Kh2 Nxe4 26. Nd7+ Ke8 27. Qc2 Qc3 28.
Nb8 Qxc2 29. Bxc2 Nec3 30. Nxa6 Nxd5 31. Bd3 Nac3 32. Nb8 Nxb4 33. a3 Nxd3 0-1

[Event "London Classic Open 2016"]
[Site "London ENG"]
[Date "2016.12.09"]
[Round "1.63"]
[White "Sowray, Peter J"]
[Black "Caglar, Sila"]
[Result "1-0"]
[WhiteTitle "FM"]
[BlackTitle "WFM"]
[WhiteElo "2307"]
[BlackElo "1938"]
[WhiteFideId "400971"]
[BlackFideId "6364063"]
[EventDate "2016.12.09"]

1. d4 Nf6 2. c4 g6 3. Nc3 Bg7 4. e4 d6 5. Be2 O-O 6. Be3 e5 7. d5 Nbd7 8. g4 Nc5
9. f3 a5 10. h4 Ne8 11. h5 f5 12. hxg6 hxg6 13. gxf5 gxf5 14. exf5 Bxf5 15. Qd2
a4 16. O-O-O a3 17. b4 Na4 18. Nxa4 Rxa4 19. Nh3 e4 20. Rdg1 Qe7 21. f4 Bxh3 22.
Rxh3 Qf6 23. Bd4 Qxf4 24. Qxf4 Rxf4 25. Rhg3 Rf7 26. Bh5 Kf8 27. Bxg7+ Rxg7 28.
Rf1+ Ke7 29. Rxg7+ Nxg7 30. Rf7+ Kd8 31. Rf8+ Ke7 32. Rf7+ Kd8 33. Rxg7 Rxb4 34.
Rg8+ Kd7 35. Bg4+ Ke7 36. Rg7+ Kf6 37. Rxc7 b6 38. Bd1 Rb2 39. Bc2 e3 40. Rd7
Ke5 41. Re7+ Kf4 42. Bb3 e2 43. Bc2 Kf3 44. Kd2 Rxa2 45. Re3+ Kf4 46. Rxe2 Ra1
47. Kc3 Rh1 48. Bb3 Kf3 49. Ra2 Ke4 50. Rxa3 Rh3+ 51. Kb4 Kd4 52. Ra6 Rh6 53.
Rxb6 Rf6 54. Ba4 1-0

[Event "London Classic Open 2016"]
[Site "London ENG"]
[Date "2016.12.09"]
[Round "1.64"]
[White "Shepherd, Katherine M"]
[Black "Gomes, Mary Ann"]
[Result "0-1"]
[BlackTitle "WGM"]
[WhiteElo "1935"]
[BlackElo "2302"]
[WhiteFideId "412031"]
[BlackFideId "5013623"]
[EventDate "2016.12.09"]

1. d4 Nf6 2. Nf3 e6 3. c4 Bb4+ 4. Bd2 Qe7 5. Qc2 Nc6 6. a3 Bxd2+ 7. Nbxd2 d6 8.
e3 a5 9. Bd3 e5 10. dxe5 Nxe5 11. Nxe5 dxe5 12. b3 Bd7 13. Ne4 Nxe4 14. Bxe4 c6
15. c5 g6 16. Bd3 Qg5 17. O-O O-O 18. Rad1 Bg4 19. f4 Bxd1 20. fxg5 Bxc2 21.
Bxc2 Rfd8 22. Bd1 Rd3 23. Be2 Rxe3 24. Bc4 Rf8 25. Rd1 a4 26. Rd7 axb3 27. Rxb7
b2 28. Rxb2 Rxa3 29. Rb6 Rc3 30. Ba6 Rxc5 31. Bb7 Rb5 32. Rxb5 cxb5 33. Kf2 b4
34. Bd5 Rd8 35. Bb3 Rd3 36. Bc4 Rc3 0-1

[Event "London Classic Open 2016"]
[Site "London ENG"]
[Date "2016.12.09"]
[Round "1.65"]
[White "Mirzoyan, David"]
[Black "Wilks, Simon"]
[Result "1-0"]
[WhiteTitle "FM"]
[WhiteElo "2299"]
[BlackElo "1935"]
[WhiteFideId "13308386"]
[BlackFideId "427357"]
[EventDate "2016.12.09"]

1. Nf3 d5 2. g3 Nf6 3. Bg2 Bf5 4. c4 c6 5. Qb3 Qb6 6. d3 Qxb3 7. axb3 e6 8. Nh4
Bg6 9. h3 Be7 10. Nd2 Nbd7 11. O-O O-O 12. f4 Nh5 13. Nxg6 hxg6 14. Kh2 Nhf6 15.
Nf3 Rfd8 16. Be3 a6 17. Rfc1 Rac8 18. Rd1 Bd6 19. Bf2 e5 20. fxe5 Nxe5 21. cxd5
cxd5 22. Rac1 Nxf3+ 23. Bxf3 Be5 24. d4 Bd6 25. Be1 Re8 26. Kg2 Kf8 27. g4 Rxc1
28. Rxc1 Ne4 29. h4 f6 30. Rc2 Kf7 31. e3 Re7 32. Rc8 Rc7 33. Rxc7+ Bxc7 34. Be2
g5 35. h5 Ke6 36. Kf3 Bd8 37. Bf1 Be7 38. Bd3 Nd6 39. Bb4 b5 40. Bh7 Kf7 41. Bc5
Nc8 42. Bg6+ Kf8 43. Bf5 Nd6 44. Be6 Nf7 45. b4 Nd8 46. Bxd5 Ke8 47. Ke4 Nf7 48.
Bxf7+ Kxf7 49. Bxe7 Kxe7 50. Kf5 Kf7 51. e4 Ke7 52. Kg6 Kf8 53. d5 1-0

[Event "London Classic Open 2016"]
[Site "London ENG"]
[Date "2016.12.09"]
[Round "1.66"]
[White "Rocco, Federico"]
[Black "Tarhon, Brian"]
[Result "0-1"]
[BlackTitle "FM"]
[WhiteElo "1927"]
[BlackElo "2299"]
[WhiteFideId "431362"]
[BlackFideId "423190"]
[EventDate "2016.12.09"]

1. e4 c5 2. Nf3 e6 3. d4 cxd4 4. Nxd4 Nc6 5. Nc3 Qc7 6. Be3 a6 7. Be2 b5 8. O-O
Bb7 9. f4 Bc5 10. Qd2 Nge7 11. Kh1 Qb6 12. Rad1 Rd8 13. Bf3 d6 14. Bg1 Nxd4 15.
Bxd4 O-O 16. Ne2 Nc6 17. c3 e5 18. Bg1 exf4 19. Nxf4 Ne5 20. b3 Rfe8 21. Bd4
Bxd4 22. cxd4 d5 23. exd5 Nxf3 24. Rxf3 Bxd5 25. Re3 Qd6 26. Rde1 Rxe3 27. Qxe3
f6 28. h3 Bf7 29. Rd1 g6 30. Qf3 Kg7 31. Ne2 Rc8 32. Ng3 Bd5 33. Qg4 Be6 34. Qf3
f5 35. Qd3 Bd5 36. Rd2 Rc1+ 37. Kh2 b4 38. Re2 Rc3 39. Qd2 Qxg3+ 40. Kg1 Be4 41.
d5 Qd3 42. d6 Qxd2 43. Rxd2 Rc8 44. Kf2 Kf7 45. Ke3 Ke6 46. g4 Rd8 47. Rd4 a5
48. Rc4 Rxd6 49. Rc7 Rd7 50. Rc5 Rd5 51. Rc7 Rd3+ 52. Kf4 Kf6 0-1

[Event "London Classic Open 2016"]
[Site "London ENG"]
[Date "2016.12.09"]
[Round "1.67"]
[White "Zapolskis, Antanas"]
[Black "Nunbhakdi, Tawin Matthew"]
[Result "1-0"]
[WhiteTitle "IM"]
[WhiteElo "2294"]
[BlackElo "1923"]
[WhiteFideId "12800210"]
[BlackFideId "6203310"]
[EventDate "2016.12.09"]

1. e4 e6 2. d4 d5 3. Nd2 Be7 4. Ngf3 Nf6 5. e5 Nfd7 6. Bd3 c5 7. c3 Nc6 8. O-O
g5 9. dxc5 g4 10. Nd4 Ndxe5 11. Bb5 Bxc5 12. f4 Nd7 13. Bxc6 bxc6 14. Qxg4 Nf6
15. Qe2 Qc7 16. b4 Be7 17. Qe5 Qd7 18. f5 Rf8 19. N2b3 Ba6 20. Re1 O-O-O 21.
fxe6 fxe6 22. Bf4 Bd6 23. Qxd6 Qxd6 24. Bxd6 Rxd6 25. Nc5 Bc4 26. Ndxe6 Rg8 27.
Nd4 Nd7 28. Nf5 Kc7 29. Nxd6 Kxd6 30. Re6+ Kc7 31. Re7 1-0

[Event "London Classic Open 2016"]
[Site "London ENG"]
[Date "2016.12.09"]
[Round "1.68"]
[White "Gudenas, Motiejus"]
[Black "Paszewski, Mateusz"]
[Result "1/2-1/2"]
[WhiteElo "1919"]
[BlackElo "2281"]
[WhiteFideId "2405229"]
[BlackFideId "1141058"]
[EventDate "2016.12.09"]

1. e4 c5 2. c3 Nf6 3. e5 Nd5 4. d4 cxd4 5. Nf3 Nc6 6. Bc4 Nb6 7. Bb3 d5 8. exd6
Qxd6 9. O-O Be6 10. Na3 dxc3 11. Qe2 Bxb3 12. Nb5 Qb8 13. axb3 e5 14. Nfd4 g6
15. bxc3 Be7 16. Nf3 O-O 17. Rd1 a6 18. Be3 Nc8 19. Na3 Qc7 20. Nb5 Qb8 21. Na3
Bd6 22. Bh6 Re8 23. Qe4 Bxa3 24. Rxa3 Nd6 25. Qh4 Nf5 26. Qh3 Rd8 27. Raa1 f6
28. g4 Nxh6 29. Qxh6 Qc8 30. h3 Qc7 31. Qe3 Ne7 32. c4 Rxd1+ 33. Rxd1 Rd8 34.
Rxd8+ Qxd8 35. Qc5 Nc6 36. b4 Kg7 37. b5 axb5 38. cxb5 Qe7 39. Qd5 Nd8 40. g5
Nf7 41. gxf6+ Kxf6 42. Nd2 Nd6 43. Ne4+ Nxe4 44. Qxe4 Qd7 45. Qh4+ Kg7 46. Qc4
h5 47. b6 Kf6 48. Qe4 g5 49. Qf3+ Kg6 50. Qe4+ Kf6 51. Qf3+ Kg6 52. Qe4+ 1/2-1/2

[Event "London Classic Open 2016"]
[Site "London ENG"]
[Date "2016.12.09"]
[Round "1.69"]
[White "Lercel, Michal"]
[Black "Cohen, Ronnie"]
[Result "1-0"]
[WhiteElo "2266"]
[BlackElo "1903"]
[WhiteFideId "1114700"]
[BlackFideId "412082"]
[EventDate "2016.12.09"]

1. d4 d5 2. c4 e6 3. Nc3 Nf6 4. cxd5 exd5 5. Bg5 Be7 6. e3 O-O 7. Bd3 Nbd7 8.
Nge2 Re8 9. O-O Nf8 10. Qc2 c6 11. f3 h6 12. Bh4 Ne6 13. Rad1 Qc7 14. Kh1 Nh5
15. Bf2 Bd6 16. Bg1 Nf6 17. e4 dxe4 18. fxe4 Bf8 19. e5 Nd5 20. Nxd5 cxd5 21.
Nc3 Rd8 22. Be3 Kh8 23. Rf3 a6 24. Rdf1 Rd7 25. Qb3 b5 26. Nxd5 Rxd5 27. Qxd5
Bb7 28. Qxe6 Bxf3 29. Qf5 1-0

[Event "London Classic Open 2016"]
[Site "London ENG"]
[Date "2016.12.09"]
[Round "1.70"]
[White "Levene, Joseph"]
[Black "Buchicchio, Giampaolo"]
[Result "0-1"]
[BlackTitle "FM"]
[WhiteElo "1895"]
[BlackElo "2262"]
[WhiteFideId "423599"]
[BlackFideId "811491"]
[EventDate "2016.12.09"]

1. e4 e6 2. d4 b6 3. Bd3 Bb7 4. Ne2 g6 5. O-O Bg7 6. Bf4 d6 7. c3 Nd7 8. a4 e5
9. Be3 Ngf6 10. f3 d5 11. exd5 Nxd5 12. Bf2 O-O 13. Ng3 exd4 14. cxd4 c5 15. Bc4
cxd4 16. Bxd4 Ne5 17. Bxd5 Qxd5 18. Bc3 Qc5+ 19. Bd4 Nxf3+ 20. gxf3 Qxd4+ 21.
Qxd4 Bxd4+ 22. Kg2 Rac8 0-1

[Event "London Classic Open 2016"]
[Site "London ENG"]
[Date "2016.12.09"]
[Round "1.71"]
[White "O'Toole, George E"]
[Black "Newton, Andrew"]
[Result "1-0"]
[WhiteElo "2262"]
[BlackElo "1887"]
[WhiteFideId "412732"]
[BlackFideId "2403285"]
[EventDate "2016.12.09"]

1. e4 e6 2. d4 d5 3. e5 c5 4. c3 Qb6 5. Nf3 Nc6 6. Be2 cxd4 7. cxd4 Nh6 8. Nc3
Nf5 9. Na4 Qa5+ 10. Bd2 Bb4 11. Bc3 Bxc3+ 12. Nxc3 O-O 13. g4 Nfe7 14. a3 f6 15.
exf6 Rxf6 16. b4 Qb6 17. Rc1 a6 18. Na4 Qd8 19. Rg1 Ng6 20. Rg3 Qd6 21. h4 Nf4
22. Qd2 b5 23. Nc5 e5 24. dxe5 Nxe5 25. Nxe5 Qxe5 26. Nd3 Qxe2+ 27. Qxe2 Nxe2
28. Kxe2 Re6+ 29. Kd2 Re4 30. f3 Re7 31. Rgg1 Bb7 32. Nc5 Rae8 33. Rce1 Kf7 34.
Rxe7+ Rxe7 35. Re1 Rxe1 36. Kxe1 Bc8 37. Ke2 Ke7 38. Ke3 Kd6 39. Kd4 Kc6 40. Nd3
Kd6 41. Nc5 h5 42. gxh5 Bf5 43. Nxa6 Bd7 44. Nc5 Be8 45. h6 gxh6 46. f4 Bg6 47.
a4 bxa4 48. Nxa4 Be8 49. Nc3 1-0

[Event "London Classic Open 2016"]
[Site "London ENG"]
[Date "2016.12.09"]
[Round "1.72"]
[White "Jennings, Richard"]
[Black "Cordes, Hans-Joerg"]
[Result "0-1"]
[BlackTitle "FM"]
[WhiteElo "1879"]
[BlackElo "2259"]
[WhiteFideId "2404435"]
[BlackFideId "4602234"]
[EventDate "2016.12.09"]

1. c4 e6 2. Nc3 f5 3. d3 Nf6 4. g3 Be7 5. Bg2 O-O 6. e3 d5 7. cxd5 exd5 8. Nf3
Kh8 9. O-O Nc6 10. Ne2 Be6 11. Nfd4 Nxd4 12. Nxd4 Qd7 13. Nxe6 Qxe6 14. Bd2 c5
15. Qa4 a6 16. b4 b5 17. Qa3 c4 18. dxc4 bxc4 19. Qb2 Ne4 20. Bxe4 fxe4 21. Bc3
Qg4 22. h3 Qg5 23. Rad1 Rf5 24. a4 Raf8 25. b5 axb5 26. axb5 Bd6 27. b6 h5 28.
b7 Kh7 29. Bd4 Qe7 30. Rb1 Rf3 31. Qb5 Qg5 32. h4 Rxg3+ 0-1